<?xml version="1.0" encoding="UTF-8"?>
<marc:record xmlns:marc="http://www.loc.gov/MARC21/slim">
   <marc:leader>00000nam a2200000 a 4500</marc:leader>
   <marc:datafield ind1="1" ind2=" " tag="100">
      <marc:subfield code="a">Robertson, Linda</marc:subfield>
      <marc:subfield code="4">aut</marc:subfield>
      <marc:subfield code="e">Verfasser/-in</marc:subfield>
   </marc:datafield>
   <marc:datafield ind1="1" ind2=" " tag="100">
      <marc:subfield code="a">Zeller, Stefanie</marc:subfield>
      <marc:subfield code="4">trl</marc:subfield>
      <marc:subfield code="e">Übersetzer/-in</marc:subfield>
   </marc:datafield>
   <marc:datafield ind1="1" ind2=" " tag="100">
      <marc:subfield code="a">Robertson, Linda</marc:subfield>
   </marc:datafield>
   <marc:datafield ind1=" " ind2=" " tag="653">
      <marc:subfield code="a">Fantasy</marc:subfield>
   </marc:datafield>
   <marc:datafield ind1="0" ind2="0" tag="245">
      <marc:subfield code="a">Teufelskreise</marc:subfield>
   </marc:datafield>
   <marc:datafield ind1="0" ind2="0" tag="245">
      <marc:subfield code="b">Roman</marc:subfield>
   </marc:datafield>
   <marc:datafield ind1="0" ind2="0" tag="245">
      <marc:subfield code="c">Linda Robertson. Ins Dt. übertr. von Stefanie Zeller</marc:subfield>
   </marc:datafield>
   <marc:datafield ind1=" " ind2="1" tag="264">
      <marc:subfield code="a">Köln</marc:subfield>
      <marc:subfield code="b">LYX Egmont</marc:subfield>
      <marc:subfield code="c">2011</marc:subfield>
   </marc:datafield>
   <marc:datafield ind1=" " ind2=" " tag="250">
      <marc:subfield code="a">Dt.-sprachige Erstausg., 1. Aufl.</marc:subfield>
   </marc:datafield>
   <marc:datafield ind1="1" ind2=" " tag="520">
      <marc:subfield code="a">Angaben aus der Verlagsmeldung

Teufelskreise Vicious Circle / von Linda Robertson

Persephone Alcmedi ist eine Hexe, die Tarotkarten legt und eine Zeitungskolumne verfasst. Außerdem bietet sie Werwölfen bei Vollmond in ihrem Haus Unterschlupf. Da wird Sephs Freundin, die Werwölfin Lorrie ermordet, und die Hohepriesterin eines Hexenzirkels bietet Seph eine große Summe Geldes, wenn sie den Mörder tötet – den mächtigen Vampir Goliath Kline. Seph nimmt den Job an, muss jedoch feststellen, dass sie sich auf ein Spiel mit dem Feuer eingelassen hat. Zum Glück kann sie auf die Hilfe der Werwölfe zählen, vor allem auf den attraktiven Johnny, den Leadsänger der Band Lycanthropia, der ein Auge auf Seph geworfen hat.
</marc:subfield>
   </marc:datafield>
   <marc:datafield ind1=" " ind2=" " tag="020">
      <marc:subfield code="a">9783802583513</marc:subfield>
      <marc:subfield code="9">9783802583513</marc:subfield>
   </marc:datafield>
   <marc:datafield ind1=" " ind2=" " tag="041">
      <marc:subfield code="a">ger</marc:subfield>
   </marc:datafield>
   <marc:datafield ind1=" " ind2=" " tag="300">
      <marc:subfield code="a">378 S.</marc:subfield>
   </marc:datafield>
</marc:record>
